Selladores y adhesivos para construcción

Сохранить в:
Библиографические подробности
Главный автор: Cook, John P (Автор)
Формат:
Язык:испанский
Опубликовано: Ciudad de México Limusa 1978
Серии:Biblioteca Limusa para la Industria de la Construcción
Предметы:
Метки: Добавить метку
Нет меток, Требуется 1-ая метка записи!

MARC

LEADER 00000nam a2200000 a 4500
001 UCU7591
003 CL-VaPUC
008 960705e19780000MX |||||||||||||||||spa|d
082 0 4 |a 691.99  |b COO  |2 21 
100 0 |a Cook, John P  |e author  |9 366500 
245 1 0 |a Selladores y adhesivos para construcción 
300 |a 294 p 
942 |c BK 
945 |d 19960705 00:00:00  |a lriquelm 
260 |a Ciudad de México  |b Limusa  |c 1978 
650 0 |a Construcción  |9 260195 
650 0 |a Materiales de construcción  |9 260197 
650 0 |a Adhesivos  |9 262564 
650 7 |a JUNTAS  |2 CL-VaPUC  |9 364200 
650 7 |a PIEZAS DE SUJECION  |2 CL-VaPUC  |9 366501 
650 7 |a CEMENTOS  |2 CL-VaPUC  |9 262741 
650 0 |a Yeso  |9 262896 
650 0 |a Hormigones  |9 262546 
583 |a last modification  |c 19960705 00:00:00  |k Rodrigo Vera 
490 0 |a Biblioteca Limusa para la Industria de la Construcción 
999 |c 250188  |d 250186 
952 |0 0  |1 0  |4 0  |6 691_990000000000000_COO_1978  |7 0  |8 A  |9 268051  |a BIBMEC  |b BIBMEC  |d 2019-11-19  |i 1335251  |o 691.99 COO 1978  |p 1335251  |r 2024-01-19  |w 2019-11-19  |y BK  |k MEC